Campeones de la Copa Libertadores - Estadísticas

Estadísticas generales
  • Esta prueba ha sido intentada 38 veces
  • La puntuación promedio es 59 de 66
Estadísticas de respuestas
Año Campeón % Correcto
2007 Boca Juniors
100%
2003 Boca Juniors
100%
2001 Boca Juniors
100%
2000 Boca Juniors
100%
1978 Boca Juniors
100%
1977 Boca Juniors
100%
2025 Flamengo
100%
2022 Flamengo
100%
2019 Flamengo
100%
1981 Flamengo
100%
2021 Palmeiras
100%
2020 Palmeiras
100%
1999 Palmeiras
100%
2018 River Plate
100%
2015 River Plate
100%
1996 River Plate
100%
1986 River Plate
100%
2024 Botafogo
97%
1984 Independiente
97%
1975 Independiente
97%
1974 Independiente
97%
1973 Independiente
97%
1972 Independiente
97%
1965 Independiente
97%
1964 Independiente
97%
2011 Santos
97%
1963 Santos
97%
1962 Santos
97%
1967 Racing
94%
2016 Atlético Nacional
91%
1989 Atlético Nacional
91%
2012 Corinthians
91%
1987 Peñarol
91%
1982 Peñarol
91%
1966 Peñarol
91%
1961 Peñarol
91%
1960 Peñarol
91%
1991 Colo-Colo
88%
2005 Sao Paulo
88%
1993 Sao Paulo
88%
1992 Sao Paulo
88%
2017 Gremio
85%
1995 Grêmio
85%
1983 Grêmio
85%
1988 Nacional
85%
1980 Nacional
85%
1971 Nacional
85%
2014 San Lorenzo
82%
1994 Vélez Sarsfield
82%
2023 Fluminense
79%
1985 Argentinos Juniors
76%
2013 Atlético Mineiro
76%
2009 Estudiantes
76%
1970 Estudiantes
76%
1969 Estudiantes
76%
1968 Estudiantes
76%
2008 Liga de Quito
76%
2004 Once Caldas
76%
2010 Internacional
73%
2006 Internacional
73%
2002 Olimpia
73%
1990 Olimpia
73%
1979 Olimpia
73%
1997 Cruzeiro
67%
1976 Cruzeiro
67%
1998 Vasco da Gama
58%
No se encontraron pruebas coincidentes
Distribución de puntuación
Porcentaje de gente con cada puntuación
Porcentaje por número respondido
Historial de tus puntuaciones
No has intentado esta prueba.